|
|
|
|
| LEADER |
02039nam a22004335i 4500 |
| 001 |
978-3-8349-6158-7 |
| 003 |
DE-He213 |
| 005 |
20151204153501.0 |
| 007 |
cr nn 008mamaa |
| 008 |
110121s2011 gw | s |||| 0|eng d |
| 020 |
|
|
|a 9783834961587
|9 978-3-8349-6158-7
|
| 024 |
7 |
|
|a 10.1007/978-3-8349-6158-7
|2 doi
|
| 040 |
|
|
|d GrThAP
|
| 050 |
|
4 |
|a HD28-70
|
| 072 |
|
7 |
|a KJMV6
|2 bicssc
|
| 072 |
|
7 |
|a PDG
|2 bicssc
|
| 072 |
|
7 |
|a BUS087000
|2 bisacsh
|
| 082 |
0 |
4 |
|a 658.514
|2 23
|
| 100 |
1 |
|
|a Sattler, Markus.
|e author.
|
| 245 |
1 |
0 |
|a Excellence in Innovation Management
|h [electronic resource] :
|b A Meta-Analytic Review on the Predictors of Innovation Performance /
|c by Markus Sattler.
|
| 264 |
|
1 |
|a Wiesbaden :
|b Gabler,
|c 2011.
|
| 300 |
|
|
|a XVII, 213 p. 11 illus.
|b online resource.
|
| 336 |
|
|
|a text
|b txt
|2 rdacontent
|
| 337 |
|
|
|a computer
|b c
|2 rdamedia
|
| 338 |
|
|
|a online resource
|b cr
|2 rdacarrier
|
| 347 |
|
|
|a text file
|b PDF
|2 rda
|
| 520 |
|
|
|a Innovation management is commonly understood as a central system and function of a firm’s ability to keep up with developments in the market. Markus Sattler reviews the predictors of successful innovation management on firm level with a meta-analytic approach. His findings suggest that the role of knowledge management and an environment of learning are important success factors on which managers can have a substantial effect. Furthermore a clear managerial commitment to innovations and a sophisticated innovation process are further central predictors of a successful innovation management.
|
| 650 |
|
0 |
|a Business.
|
| 650 |
|
0 |
|a Management.
|
| 650 |
|
0 |
|a Industrial management.
|
| 650 |
1 |
4 |
|a Business and Management.
|
| 650 |
2 |
4 |
|a Innovation/Technology Management.
|
| 650 |
2 |
4 |
|a Management.
|
| 710 |
2 |
|
|a SpringerLink (Online service)
|
| 773 |
0 |
|
|t Springer eBooks
|
| 776 |
0 |
8 |
|i Printed edition:
|z 9783834926210
|
| 856 |
4 |
0 |
|u http://dx.doi.org/10.1007/978-3-8349-6158-7
|z Full Text via HEAL-Link
|
| 912 |
|
|
|a ZDB-2-SBE
|
| 950 |
|
|
|a Business and Economics (Springer-11643)
|